| 000 | 00520nam a2200205 a 4500 | ||
|---|---|---|---|
| 999 |
_c4413 _d4413 |
||
| 001 | 4413 | ||
| 003 | BD-JhCC | ||
| 005 | 20171127103747.0 | ||
| 008 | 171127s pk ||||| |||| 00| 0 eng d | ||
| 035 | _a(BD-JhCC) | ||
| 040 |
_aBD-JhCC _dBD-JhCC |
||
| 041 | _aeng | ||
| 082 |
_a327.540549 _bBEG |
||
| 100 | _aBeg, Aziz | ||
| 245 |
_aPakistan Faces india / _cAziz Beg |
||
| 260 |
_aPakistan : _bBabur and amer publications, |
||
| 300 |
_a280 p. : _c22cm. |
||
| 650 |
_aDiplomatic relations _zPakistan |
||
| 942 |
_2ddc _cBK |
||